Statistiques concernant Top 10 des cyclistes en 2023

Cliquez ici pour prendre le quiz!

Statistiques générales

  • Ce quiz a été pris 57 fois
  • Le résultat moyen est 7 sur 10

Statistiques - réponses

ClassementTeamRéponse% Correct
1UAE Team EmiratesTadej Pogacar
100%
2Jumbo-VismaJonas Vingegaard
94%
5Jumbo-VismaWout Van aert
85%
7Alpecin-DeceuninckMathieu Van Der Poel
81%
4Jumbo-VismaPrimoz Roglic
81%
3Soudal - Quick StepRemco Evenepoel
75%
9Alpecin-DeceuninckJasper Philipsen
62%
6Trek-SegafredoMads Pedersen
55%
8UAE Team EmiratesAdam Yates
53%
10UAE Team EmiratesJoao Almeida
32%

Distribution des résultats

Percentile par nombre de réponses

% des personnes avec chaque résultat

Votre développement - résultats

Vous n’avez pas pris ce quiz